Statistics for Most Games With Neymar

Click here to take the quiz!

General Stats

  • This quiz has been taken 60 times
  • The average score is 8 of 10

Answer Stats

HintAnswer% Correct
RW, BarcelonaMessi
100%
ST, BarcelonaSuarez
96%
CM, Vissel KobeIniesta
95%
CB, BarcelonaPique
93%
CDM, BarcelonaBusquets
88%
LB, BarcelonaAlba
88%
RB, PSGAlves
84%
CM, BarcelonaRakitic
75%
RB, BarcelonaRoberto
63%
CDM, Hebei China FortuneMascherano
53%

Score Distribution

Percentile by Number Answered

Percent of People with Each Score

Your Score History

You have not taken this quiz